Belgium, the Netherlands, Both or Neither - Statistics

General Stats
  • This quiz has been taken 377 times
    355 since last reset
  • The average score is 10 of 15
Answer Stats
Question Answer % Correct
Has French as an official language Belgium
100%
Vincent van Gogh was born here the Netherlands
100%
Borders Luxembourg Belgium
86%
Has no natural islands (in the sea) Belgium
86%
Has Dutch as an official language Both
86%
Is a kingdom Both
79%
Has a town called Bremen Neither
79%
Has more than 20 M inhabitants Neither
64%
Is considered to be one of the 'Low Countries' Both
57%
Has won the FIFA World Cup (men) Neither
57%
Was one of the initial members of the EEC (now the EU) Both
50%
Has hosted the summer Olympics Both
43%
Has territory in the other country Both
43%
Has won the Academy Award for 'Best Foreign Film' the Netherlands
43%
Has a GDP per capita over $ 50.000 the Netherlands
36%
No matching quizzes found
Score Distribution
Percent of People with Each Score
Percentile by Number Answered
Your Score History
You have not taken this quiz since the last reset